Organizational change / (Record no. 2194)

000 -LEADER
fixed length control field 00934cam a22003258i 4500
001 - CONTROL NUMBER
control field 18795158
003 - CONTROL NUMBER IDENTIFIER
control field OSt
005 - DATE AND TIME OF LATEST TRANSACTION
control field 20160628174354.0
008 - FIXED-LENGTH DATA ELEMENTS--GENERAL INFORMATION
fixed length control field 150925s2016 nyu b 001 0 eng
010 ## - LIBRARY OF CONGRESS CONTROL NUMBER
LC control number 2015037702
020 ## - INTERNATIONAL STANDARD BOOK NUMBER
International Standard Book Number 9780273695981 (print)
020 ## - INTERNATIONAL STANDARD BOOK NUMBER
Cancelled/invalid ISBN 9781292063850 (PDF)
020 ## - INTERNATIONAL STANDARD BOOK NUMBER
Cancelled/invalid ISBN 9781292063867 (eText)
040 ## - CATALOGING SOURCE
Original cataloging agency DLC
Language of cataloging eng
Transcribing agency DLC
Description conventions rda
042 ## - AUTHENTICATION CODE
Authentication code pcc
050 00 - LIBRARY OF CONGRESS CALL NUMBER
Classification number HD58.8.S456 2006
082 00 - DEWEY DECIMAL CLASSIFICATION NUMBER
Classification number 658.4/06
Edition number 23
100 1# - MAIN ENTRY--PERSONAL NAME
Personal name Senior, Barbara.
245 10 - TITLE STATEMENT
Title Organizational change /
Statement of responsibility, etc Barbara Senior, Jocelyn Fleming.
250 ## - EDITION STATEMENT
Edition statement 3rd ed.
260 ## - PUBLICATION, DISTRIBUTION, ETC. (IMPRINT)
Place of publication, distribution, etc London:
Name of publisher, distributor, etc Prentice Hall,
Date of publication, distribution, etc c2006.
263 ## - PROJECTED PUBLICATION DATE
Projected publication date 1511
300 ## - PHYSICAL DESCRIPTION
Extent xxi, 436:
504 ## - BIBLIOGRAPHY, ETC. NOTE
Bibliography, etc Includes bibliographical references and index.
650 #0 - SUBJECT ADDED ENTRY--TOPICAL TERM
Topical term or geographic name as entry element Organizational change.
700 1# - ADDED ENTRY--PERSONAL NAME
Personal name Swailes, Stephen.
906 ## - LOCAL DATA ELEMENT F, LDF (RLIN)
a 7
b cbc
c orignew
d 1
e ecip
f 20
g y-gencatlg
942 ## - ADDED ENTRY ELEMENTS (KOHA)
Source of classification or shelving scheme
Koha item type Book
Holdings
Withdrawn status Lost status Source of classification or shelving scheme Damaged status Not for loan Home library Current library Shelving location Date acquired Total Checkouts Full call number Barcode Date last seen Copy number Price effective from Koha item type
          Riara University Library Riara University Library General stack 28/06/2016   HD58.8.S456 2006 4217/13 28/06/2016 C.1 28/06/2016 Book

Riara University Library,
P.O. Box 49940-00100,
Nairobi, Kenya.